Memoirs of a Geisha

Sparad:
Bibliografiska uppgifter
Huvudupphovsman: Golden, Arthur
Materialtyp: Bok
Språk:Undetermined
Publicerad: London Pearson Education Limited 2000
Ämnen:
Taggar: Lägg till en tagg
Inga taggar, Lägg till första taggen!
Thư viện lưu trữ: Trung tâm Học liệu Trường Đại học Cần Thơ
LEADER 00516nam a2200193Ia 4500
001 CTU_103268
008 210402s9999 xx 000 0 und d
020 |c 5.89 
082 |a 823.9 
082 |b G619/Vol.6 
100 |a Golden, Arthur 
245 0 |a Memoirs of a Geisha 
245 0 |c Arthur Golden 
260 |a London 
260 |b Pearson Education Limited 
260 |c 2000 
650 |a England literature 
904 |i M.Loan,Qhieu đã sửa 
980 |a Trung tâm Học liệu Trường Đại học Cần Thơ